|
|
|
|
| LEADER |
00000cas a2200000 a 4500 |
| 001 |
vtls008883788 |
| 003 |
SK-MaSNL |
| 005 |
20260228162212.0 |
| 008 |
021118c19469999CZ er p|r 0 0 b0czeoc |
| 035 |
|
|
|a (SVKBB03)vtls000139381
|
| 040 |
|
|
|a SVKBB
|b slo
|c SVKBB
|d SNK
|e AACR2
|
| 041 |
0 |
|
|a cze
|
| 044 |
|
|
|a xr
|c CZ
|
| 072 |
|
7 |
|a 791/793
|x Divadlo, film, tanec (všeobecne)
|2 konspekt
|
| 080 |
|
|
|a 791.2
|2 2011
|
| 080 |
|
|
|a (051)
|2 2011
|
| 080 |
|
|
|a 050
|2 2011
|
| 245 |
0 |
0 |
|a Kino
|
| 260 |
|
|
|a Praha
|b Orbis
|c 1946-
|
| 260 |
3 |
|
|3 1978-
|a Praha
|b Panorama
|
| 300 |
|
|
|a zv.
|c 35 cm
|
| 310 |
|
|
|a 2x týždenne
|
| 362 |
0 |
|
|a 1946-
|
| 550 |
|
|
|a Vydáva Ústřední ředitelství Československého filmu
|
| 650 |
0 |
7 |
|a filmy
|2 SNKPH
|9 3250
|
| 655 |
|
7 |
|a časopisy
|2 SNKPH
|9 76610
|
| 710 |
2 |
|
|a Československý film.
|b Ústřední ředitelství (Praha, Česko)
|4 pbl
|9 270553
|
| 910 |
|
|
|a snk
|
| 999 |
|
|
|c 7110
|d 9040
|
| 952 |
|
|
|0 0
|1 1
|4 0
|7 0
|a SNK
|b SNK
|d 1999-06-25
|l 0
|o snkČB 639/7/1952
|p 17A0199712
|r 2005-01-02 00:00:00
|t č. 1-26
|w 2026-02-21
|y PREZ
|
| 952 |
|
|
|0 0
|1 1
|4 0
|7 0
|a SNK
|b SNK
|d 2011-12-19
|i snkČIP 2070/66
|l 0
|o snkČB 639/20/1965
|p 17A0761367
|r 2026-02-21 20:17:28
|t č. 1-26
|w 2026-02-21
|y PREZ
|
| 952 |
|
|
|0 0
|1 1
|4 0
|7 0
|a SNK
|b SNK
|d 2007-12-27
|i snkČIP 339/83
|l 0
|o snkČB 639/37/1982
|p 17A0572279
|r 2026-02-21 20:21:37
|t č. 1-26
|w 2026-02-21
|y PREZ
|
| 952 |
|
|
|0 0
|1 1
|4 0
|7 0
|a SNK
|b SNK
|d 2007-12-27
|i snkČIP 299/84
|l 0
|o snkČB 639/38/1983
|p 17A0572278
|r 2026-02-21 20:21:37
|t č. 1-26
|w 2026-02-21
|y PREZ
|
| 952 |
|
|
|0 0
|1 1
|4 0
|7 0
|a SNK
|b SNK
|d 2011-12-19
|i snkČIP 1335/88
|l 0
|o snkČB 639/42/1987
|p 17A0761368
|r 2026-02-21 20:22:55
|t č. 1-26
|w 2026-02-21
|y PREZ
|
| 952 |
|
|
|0 0
|1 1
|4 0
|7 0
|a SNK
|b SNK
|d 2011-12-19
|i snkČIP 132/85
|l 0
|o snkČB 639/39/1984 D1
|p 17A0761388
|r 2026-02-21 20:22:55
|t č. 1-26
|w 2026-02-21
|y PREZ
|
| 952 |
|
|
|0 0
|1 1
|4 0
|7 0
|a SNK
|b SNK
|d 2007-12-27
|i snkČIP 131/85
|l 0
|o snkČB 639/39/1984
|p 17A0572277
|r 2026-02-21 20:29:07
|t č. 1-26
|w 2026-02-21
|y PREZ
|
| 952 |
|
|
|0 0
|1 1
|4 0
|7 0
|a SNK
|b SNK
|d 2008-03-07
|i snkČIP 177/82
|l 0
|o snkČB 639/36/1961
|p 17A0579230
|r 2026-02-21 20:49:06
|w 2026-02-21
|y PREZ
|
| 952 |
|
|
|0 0
|1 1
|4 0
|7 0
|a SNK
|b SNK
|d 2001-09-14
|l 0
|o snkČB 639/21/1966
|p 17A0315794
|r 2005-01-02 00:00:00
|t č. 1-26
|w 2026-02-21
|y PREZ
|
| 952 |
|
|
|0 0
|1 1
|4 0
|7 0
|a SNK
|b SNK
|d 1996-12-10
|l 0
|o snkČB 639/32/1977
|p 17A0025676
|r 2005-01-01 00:00:00
|t č. 1-26
|w 2026-02-21
|y PREZ
|
| 952 |
|
|
|0 0
|1 1
|4 0
|7 0
|a SNK
|b SNK
|d 1999-06-25
|l 0
|o snkČB 639/3/1948
|p 17A0199719
|r 2005-01-02 00:00:00
|w 2026-02-21
|y PREZ
|
| 952 |
|
|
|0 0
|1 1
|4 0
|7 0
|a SNK
|b SNK
|d 2003-09-27
|i snkČIP 7667/60
|l 0
|o snkČB 639/14/1959
|p 17A0397817
|r 2005-01-02 00:00:00
|t č. 1-26
|w 2026-02-21
|y PREZ
|
| 952 |
|
|
|0 0
|1 1
|4 0
|7 0
|a SNK
|b SNK
|d 2003-09-27
|i snkČIP 642/59
|l 0
|o snkČB 639/13/1958
|p 17A0397764
|r 2005-01-02 00:00:00
|t č. 1-26
|w 2026-02-21
|y PREZ
|
| 952 |
|
|
|0 0
|1 1
|4 0
|7 0
|a SNK
|b SNK
|d 2003-09-27
|i snkČIP 639/57
|l 0
|o snkČB 639/12/1957
|p 17A0397838
|r 2005-01-02 00:00:00
|t č. 1-26
|w 2026-02-21
|y PREZ
|
| 952 |
|
|
|0 0
|1 1
|4 0
|7 0
|a SNK
|b SNK
|d 2004-05-14
|i snkČIP 642/76
|l 0
|o snkČB 639/30/1975
|p 17A0427950
|r 2005-01-02 00:00:00
|w 2026-02-21
|y PREZ
|
| 952 |
|
|
|0 0
|1 1
|4 0
|7 0
|a SNK
|b SNK
|d 1999-06-25
|l 0
|o snkČB 639/8/1953
|p 17A0199701
|r 2005-01-02 00:00:00
|t č. 1-26
|w 2026-02-21
|y PREZ
|
| 952 |
|
|
|0 0
|1 1
|4 0
|7 0
|a SNK
|b SNK
|d 1999-06-25
|l 0
|o snkČB 639/6/1951
|p 17A0199533
|r 2005-01-02 00:00:00
|t č. 1-26
|w 2026-02-21
|y PREZ
|
| 952 |
|
|
|0 0
|1 1
|4 0
|7 0
|a SNK
|b SNK
|d 1999-06-25
|l 0
|o snkČB 639/5/1950
|p 17A0199550
|r 2005-01-02 00:00:00
|t č. 1-26
|w 2026-02-21
|y PREZ
|
| 952 |
|
|
|0 0
|1 1
|4 0
|7 0
|a SNK
|b SNK
|d 1999-06-25
|l 0
|o snkČB 639/4/1949
|p 17A0199566
|r 2005-01-02 00:00:00
|t č. 1-26
|w 2026-02-21
|y PREZ
|